00675nam a22002057a 450000500170000001000130001702000210003003500130005103700160006404000120008008200210009210000190011324500930013226000470022527000450027230000200031750000520033765000420038965000380043120170124105948.0 aA-727964 c00.00a818597296 aA-727964 bCen Lib/Ret aDPLbEN a338.9541734bLAW aLawania, V. K. aSocio-economic development in India :cby V. K. Lawaniaba right approach through IRDP / aNew DelhibReliance Publishing Housec1995 bNew Delhia3026/7H, Ranjit Nagare110008 a224p.c21cm(Hb) aIncludes bibliographical references and index  aIndia -- Economic conditions -- 1947- aIndia -- Economic policy -- 1991-